00421nam a2200157 i 4500001000300000100001600003245007300019260005500092650001100147700002100158020001500179040000800194041000800202080001200210008004100222bg1 aJAMSA, Kris 0aTurbo Pascal :bprogrammer's library /cKris Jamsa, Steven Nameroff. aBerkeley :bBorland-Osborne :bMcGraw-Hill,c1987. 9aPascal1 aNAMEROFF, Steven a0078812860 cBPK apol a004.438 s pl f |000 0 pol